000 00628nam a2200217Ia 4500
003 OSt
005 20220918191939.0
006 a|||||r|||| 00| 0
007 ta
008 220917b |||||||| |||| 00| 0 eng d
024 _a66,081
037 _cTextual
040 _aARTS
_cARTS
_beng
041 _2eng
_aeng
082 _aR2, N7
100 _aSteiner Rudolph
_977812
245 0 _aPhilosophy of spiritual activity
_b a modern philosophy of life development by scientific methods
260 _aDel;hi
_bOriental Book Centre
_c1997
942 _hR2, N7
_cTEXL
_2CC
999 _c192315
_d192315